000 01543cam a2200133 4500500
005 20260405085605.0
041 _afre
042 _adc
100 1 0 _aTétart, Frank
_eauthor
245 0 0 _aLa péninsule arabique : Coeur géopolitique du Moyen-Orient
260 _bArmand Colin,
_c2017.
520 _aArabie saoudite, Émirats arabes unis, Koweït, Oman, Qatar, Yémen : la péninsule Arabique a toujours constitué un lieu de passage entre Europe, Afrique et Asie. Berceau de l’islam, dont elle abrite les villes saintes de La Mecque et Médine, son espace s’est construit au gré des intérêts géopolitiques, si bien qu’il est à présent au coeur de la mondialisation des échanges.Espace convoité, son attractivité économique et stratégique a fait émerger de nombreuses tensions entre les États de la zone et a exacerbé les fractures existantes aux niveaux religieux (chiites/sunnites), ethnique (Perses/Arabes) et politique (Iran/Arabie saoudite). Parallèlement la péninsule, confrontée au défi de la fin de la rente pétrolière, doit entreprendre une diversification rapide de son économie.Pour saisir les spécificités de cet espace-clé, cet ouvrage propose une géographie complète à la fois géohistorique, géoéconomique et géopolitique de ce qui constitue aujourd’hui le véritable coeur du Moyen-Orient.Avec un atlas en couleur réalisé en partenariat avec la revue Moyen-Orient.
856 4 1 _uhttps://shs.cairn.info/la-peninsule-arabique--9782200616328?lang=fr&redirect-ssocas=7080
999 _c2198776
_d2198776